| 000 | 00478nam a2200181Ia 4500 | ||
|---|---|---|---|
| 005 | 20250508155538.0 | ||
| 008 | 008 250505s9999 xx 000 0 eng d | ||
| 037 | _aTextual | ||
| 040 |
_aFEDL _beng _cFEDL |
||
| 041 |
_aeng _2eng |
||
| 084 |
_a155.45, CHI _qFEDL |
||
| 245 | 0 | _aExceptional child in infancy and early childhood | |
| 260 | _c1950 | ||
| 300 | _a48p. | ||
| 650 | _aChild Psychology | ||
| 942 |
_cTEXL _h155.45, CHI |
||
| 999 |
_c1357618 _d1357618 |
||